Manažment

Podrobná bibliografia
Hlavní autori: Papula, Jozef, 1946- (Autor), Papulová, Zuzana, 1981- (Autor)
Médium: Kniha
Jazyk:slovenčina
Fyzický popis:112 strán grafy, schémy 30 cm
Vydavateľské údaje: Bratislava Slovenské pedagogické nakladateľstvo 2023
ISBN:9788010043149
Vydanie:Deviate, aktualizované vydanie
Predmet:

MARC

LEADER 00000cam a2200000 4500
001 vtls012245164
003 SK-MaSNL
005 20260301033019.0
008 231201s2023 xo da frnp 000 0 slo
015 |a SNBA2024/02 
020 |a 9788010043149  |q (brožované) 
040 |a SNK  |b slo  |c SNK  |e rda 
041 0 |a slo 
044 |a xo  |c SK 
072 7 |a 005  |x Manažment. Riadenie  |2 konspekt 
072 7 |a 37.016  |x Učebné osnovy. Vyučovacie predmety. Učebnice  |2 konspekt 
080 |a 005  |2 2011 
080 |a (075.3)  |2 2011 
100 1 |a Papula, Jozef,  |d 1946-  |4 aut  |9 118454 
245 1 0 |a Manažment  |c Jozef Papula, Zuzana Papulová 
250 |a Deviate, aktualizované vydanie 
264 1 |a Bratislava  |b Slovenské pedagogické nakladateľstvo  |c 2023 
300 |a 112 strán  |b grafy, schémy  |c 30 cm 
336 |a text  |b txt  |2 rdacontent 
337 |a bez média  |b n  |2 rdamedia 
338 |a zväzok  |b nc  |2 rdacarrier 
504 |a Obsahuje bibliografiu na strane 112 
650 0 7 |a manažment  |2 SNKPH  |9 922 
650 0 7 |a Management  |2 SNKPHeng  |9 265406 
655 7 |a učebnice stredných škôl  |2 SNKPH  |9 69323 
655 7 |a Textbooks (secondary)  |2 SNKPHeng  |9 276359 
700 1 |a Papulová, Zuzana,  |d 1981-  |4 aut  |9 228855 
710 2 |a Slovenské pedagogické nakladateľstvo - Mladé letá  |4 pbl  |9 211357 
852 |a Slovenská národná knižnica 
919 |a 978-80-10-04314-9 
954 |a odborná, vedecká literatúra pôvodná (slovenská)  |2 lita 
958 |a NB 
999 |c 579367  |d 581297 
952 |a SNK  |b SNK  |y PREZ  |7 0  |p 17A1541990  |o snkSB 100072  |i snk2024/2487  |8 0  |0 0  |1 0  |4 0  |d 2024-02-13  |f 1  |l 0  |r 2025-05-19 00:00:00  |w 2026-02-23